00729npc a2200181Ia 4500001001100000003001000011008004100021040002500062041000700087100001100094240011100105245011100216250001100327260002800338300001100366500015700377650001300534fe7-50421 IT-MiCISF161014s9999||||xx | und|| aIT-MiCISFcIT-MiCISF aen aAA.VV. aDisability. The Family Dimension of the United Nations Convention on the Rights of Persons With Disability 0aDisability. The Family Dimension of the United Nations Convention on the Rights of Persons With Disability a1a ed. a BrusselsbCofacec2012 app. 51 aCoface. Confederation of Family Organization in the European Union / handicap, società, politiche-sociali, famiglia-con-handicap, diritti-famiglia /  ahandicap